[Event "Memorial Pedro Lezcano Montalvo 2013"]
[Site "Gran Canaria ESP"]
[Date "2013.03.28"]
[Round "5.32"]
[White "Sanchez Ramirez, Gustavo"]
[Black "Agejas Garcia, Diego"]
[Result "1-0"]
[WhiteElo "1607"]
[BlackElo "1378"]
[PlyCount "89"]
[EventDate "2013.03.25"]
[EventType "swiss"]
[EventRounds "9"]
[EventCountry "ESP"]
[Source "lmi"]
[SourceDate "2013.03.25"]

1. b3 e5 2. Bb2 Nc6 3. g3 d6 4. Bg2 Nf6 5. Nf3 Be7 6. d3 Be6 7. Nc3 Qd7 8. d4
exd4 9. Nxd4 Nxd4 10. Qxd4 c6 11. O-O-O d5 12. e4 dxe4 13. Nxe4 Qxd4 14. Bxd4
Nxe4 15. Bxe4 O-O 16. f4 Rfd8 17. f5 Bd5 18. Bxd5 Rxd5 19. Rhe1 Bg5+ 20. Be3
Bxe3+ 21. Rxe3 Rxd1+ 22. Kxd1 Kf8 23. Ke2 Rd8 24. Rd3 Rxd3 25. Kxd3 Ke7 26. Ke4
Kd6 27. h4 h5 28. b4 b6 29. c4 c5 30. b5 g6 31. fxg6 fxg6 32. Kf4 Ke6 33. Kg5
Kf7 34. a3 Kg7 35. a4 Kh7 36. Kf6 Kh6 37. Ke7 g5 38. Kd7 gxh4 39. gxh4 Kg6 40.
Kc7 Kf5 41. Kb7 Ke4 42. Kxa7 Kd4 43. Kxb6 Kxc4 44. a5 Kb4 45. a6 1-0

[Event "Memorial Pedro Lezcano Montalvo 2013"]
[Site "Gran Canaria ESP"]
[Date "2013.03.28"]
[Round "5.37"]
[White "Morales Sanchez, Domingo"]
[Black "Garcia Lorenzo, Jaime"]
[Result "1-0"]
[WhiteElo "1471"]
[BlackElo "1265"]
[PlyCount "133"]
[EventDate "2013.03.25"]
[EventType "swiss"]
[EventRounds "9"]
[EventCountry "ESP"]
[Source "lmi"]
[SourceDate "2013.03.25"]

1. c4 e5 2. Nc3 Nf6 3. d3 d5 4. cxd5 Nxd5 5. g3 Be7 6. Bg2 c6 7. Nf3 O-O 8. O-O
Nd7 9. a3 N7b6 10. Bd2 f6 11. Qb3 Kh8 12. Rab1 Be6 13. Qc2 Nxc3 14. Bxc3 Nd5
15. Bd2 Qd7 16. b4 a6 17. e4 Nc7 18. Be3 Nb5 19. Ra1 a5 20. Bd2 b6 21. Rfc1
Rac8 22. a4 Nd4 23. Nxd4 exd4 24. bxa5 bxa5 25. Bxa5 Bd6 26. Bd2 f5 27. f4 fxe4
28. Bxe4 Bd5 29. Qd1 Bxe4 30. dxe4 c5 31. e5 Be7 32. Rab1 d3 33. Qb3 Qd4+ 34.
Kg2 h5 35. Qc4 Qd7 36. Rd1 h4 37. Qe4 Qg4 38. Qxd3 Rcd8 39. Qf3 Qg6 40. Be3
Qc2+ 41. Bf2 c4 42. a5 Rd3 43. Rxd3 cxd3 44. Rd1 Bc5 45. Rf1 Kg8 46. Qd5+ Kh7
47. Qxc5 Qe2 48. Qe3 h3+ 49. Kxh3 Qxf1+ 50. Kg4 Qd1+ 51. Kh3 d2 52. Qd3+ Kh6
53. Kg2 Qc1 54. Qd6+ Kh5 55. Be3 d1=Q 56. Bxc1 Qxd6 57. exd6 Rd8 58. Ba3 Kg4
59. h3+ Kf5 60. Kf3 Rc8 61. g4+ Ke6 62. f5+ Ke5 63. Bb2+ Kxd6 64. Bxg7 Rc5 65.
Bf8+ Kc6 66. Bxc5 Kxc5 67. f6 1-0

[Event "Memorial Pedro Lezcano Montalvo 2013"]
[Site "Gran Canaria ESP"]
[Date "2013.03.28"]
[Round "5.38"]
[White "Sanabria Taskila, Jenny Maria"]
[Black "Diaz Martin, Cristina"]
[Result "1-0"]
[WhiteElo "1270"]
[BlackElo "1471"]
[PlyCount "120"]
[EventDate "2013.03.25"]
[EventType "swiss"]
[EventRounds "9"]
[EventCountry "ESP"]
[Source "lmi"]
[SourceDate "2013.03.25"]

1. e4 e5 2. Nf3 Nc6 3. Bb5 a6 4. Ba4 Nf6 5. O-O Bc5 6. d3 d6 7. Nbd2 O-O 8. Re1
Bg4 9. c3 b5 10. Bc2 Re8 11. Nf1 h6 12. Ng3 d5 13. h3 Be6 14. d4 exd4 15. cxd4
Bb4 16. Bd2 Bxd2 17. Qxd2 dxe4 18. Nxe4 Bd5 19. Nxf6+ Qxf6 20. Qd3 g6 21. Re3
Rxe3 22. Qxe3 Bxf3 23. Qxf3 Qxf3 24. gxf3 Nxd4 25. Be4 Rd8 26. Re1 Re8 27. Kf1
Kg7 28. Rc1 Re7 29. Rd1 Ne6 30. Bb7 Nc5 31. Bc8 Re8 32. b4 Rxc8 33. bxc5 b4 34.
Ke2 Rb8 35. Rd7 Rc8 36. Kd3 Rb8 37. Kc4 a5 38. Rxc7 a4 39. c6 Rb6 40. Kc5 b3
41. axb3 Rxb3 42. Rb7 Rxf3 43. c7 Rxf2 44. Kb6 Rc2 45. Rb8 a3 46. c8=Q Rxc8 47.
Rxc8 a2 48. Ra8 Kf6 49. Rxa2 Kg5 50. Ra4 f5 51. Kc5 f4 52. Kd5 f3 53. Ke5 h5
54. h4+ Kh6 55. Kf6 Kh7 56. Rf4 f2 57. Rxf2 Kh6 58. Rg2 Kh7 59. Rxg6 Kh8 60.
Rh6+ Kg8 1-0

[Event "Memorial Pedro Lezcano Montalvo 2013"]
[Site "Gran Canaria ESP"]
[Date "2013.03.30"]
[Round "8.1"]
[White "Larino Nieto, David"]
[Black "De La Cruz Sanchez, Carlos G"]
[Result "1-0"]
[WhiteElo "2508"]
[BlackElo "2242"]
[PlyCount "117"]
[EventDate "2013.03.25"]
[EventType "swiss"]
[EventRounds "9"]
[EventCountry "ESP"]
[Source "lmi"]
[SourceDate "2013.03.25"]

1. Nf3 Nf6 2. b3 g6 3. Bb2 Bg7 4. e4 d6 5. Qe2 e5 6. g3 Nc6 7. Bg2 O-O 8. O-O
Ng4 9. h3 Nh6 10. d3 f5 11. Nc3 f4 12. Nd5 Ne7 13. d4 Nxd5 14. exd5 e4 15. Qxe4
fxg3 16. fxg3 Nf5 17. Qe1 Bd7 18. Qf2 c5 19. dxc6 Bxc6 20. c3 d5 21. Ba3 Nd6
22. Rae1 Rf7 23. Bxd6 Qxd6 24. Kh2 Bb5 25. Rg1 Bh6 26. Qc2 Raf8 27. c4 Bd7 28.
c5 Qa6 29. Qd1 Bc6 30. a4 Qa5 31. Ne5 Rf2 32. Ng4 Bd2 33. Ref1 Rxf1 34. Rxf1
Rxf1 35. Qxf1 Qd8 36. Qe2 Bg5 37. Qe6+ Kf8 38. b4 Bd7 39. Qd6+ Qe7 40. Qb8+ Kg7
41. Ne5 Be6 42. Qxa7 h5 43. c6 bxc6 44. Qxe7+ Bxe7 45. Nxc6 Bd6 46. b5 h4 47.
Ne5 Bc7 48. gxh4 Bf5 49. Bxd5 Bc2 50. Kg2 Bxa4 51. Bc6 Kf6 52. Nd7+ Kf5 53. d5
Bc2 54. b6 Be4+ 55. Kf2 Bd8 56. b7 Bxh4+ 57. Kg1 Bg3 58. b8=Q Bxb8 59. Nxb8 1-0

[Event "Memorial Pedro Lezcano Montalvo 2013"]
[Site "Gran Canaria ESP"]
[Date "2013.03.30"]
[Round "8.2"]
[White "Brochet, Philippe"]
[Black "Bergez, Luc"]
[Result "0-1"]
[WhiteElo "2396"]
[BlackElo "2375"]
[PlyCount "102"]
[EventDate "2013.03.25"]
[EventType "swiss"]
[EventRounds "9"]
[EventCountry "ESP"]
[Source "lmi"]
[SourceDate "2013.03.25"]

1. e4 d5 2. exd5 Nf6 3. Bb5+ Bd7 4. Be2 Nxd5 5. d4 Bf5 6. Bf3 c6 7. Ne2 e6 8.
O-O Be7 9. a3 O-O 10. c4 Nb6 11. Qb3 Qc8 12. a4 Na6 13. Ng3 Bg6 14. a5 Nd7 15.
Nc3 e5 16. Re1 Re8 17. dxe5 Ndc5 18. Qd1 Rd8 19. Bd2 Nb4 20. Nce4 Ncd3 21. Bxb4
Bxb4 22. Re3 Nxe5 23. Qb3 Bf8 24. Be2 Qc7 25. f4 Bxe4 26. Nxe4 Nd7 27. Rf3 Nc5
28. Qc2 Nxe4 29. Qxe4 Re8 30. Qc2 Bc5+ 31. Kh1 Rad8 32. a6 bxa6 33. Rd1 Rxd1+
34. Qxd1 Qe7 35. Bd3 Qe1+ 36. Qxe1 Rxe1+ 37. Bf1 Rb1 38. b3 Be3 39. b4 Bd2 40.
h4 Bxb4 41. Kh2 a5 42. Bd3 Rb2 43. Re3 Kf8 44. Be4 Bd6 45. Kg3 Bc5 46. Rd3 a4
47. Rd8+ Ke7 48. Rc8 a3 49. Rc7+ Kd8 50. Rxc6 a2 51. Ra6 Rb3+ 0-1

[Event "Memorial Pedro Lezcano Montalvo 2013"]
[Site "Gran Canaria ESP"]
[Date "2013.03.30"]
[Round "8.3"]
[White "Alvarado Diaz, Alejandro"]
[Black "Robin, Samy"]
[Result "0-1"]
[WhiteElo "2251"]
[BlackElo "2254"]
[PlyCount "67"]
[EventDate "2013.03.25"]
[EventType "swiss"]
[EventRounds "9"]
[EventCountry "ESP"]
[Source "lmi"]
[SourceDate "2013.03.25"]

1. g3 e5 2. d4 exd4 3. Qxd4 Nf6 4. Bg2 d5 5. Nf3 Be7 6. O-O O-O 7. Qd3 c5 8. c3
Nc6 9. a3 b6 10. b4 Bb7 11. Bf4 Bd6 12. Bg5 h6 13. Bxf6 Qxf6 14. Nbd2 Ne5 15.
Nxe5 Bxe5 16. Rac1 Qe6 17. bxc5 bxc5 18. c4 Rfd8 19. cxd5 Bxd5 20. Bxd5 Rxd5
21. Qc2 Bf6 22. Ne4 Re8 23. Nxf6+ Qxf6 24. e3 Qf3 25. Qa4 Ree5 26. Rc4 Qe2 27.
Rf4 g5 28. Rc4 Rd2 29. Rcc1 Rf5 30. Rce1 Rf3 31. Qe8+ Kg7 32. Rb1 Rxf2 33. Rxf2
Qxf2+ 34. Kh1 0-1

[Event "Memorial Pedro Lezcano Montalvo 2013"]
[Site "Gran Canaria ESP"]
[Date "2013.03.30"]
[Round "8.6"]
[White "Vega Gutierrez, Belinda"]
[Black "Vega Gutierrez, Sabrina"]
[Result "0-1"]
[WhiteElo "2190"]
[BlackElo "2364"]
[PlyCount "74"]
[EventDate "2013.03.25"]
[EventType "swiss"]
[EventRounds "9"]
[EventCountry "ESP"]
[Source "lmi"]
[SourceDate "2013.03.25"]

1. e4 e5 2. d4 exd4 3. Qxd4 Nc6 4. Qd3 Nf6 5. Nc3 Bb4 6. Bd2 O-O 7. O-O-O Re8
8. Qg3 Rxe4 9. a3 Bd6 10. f4 Re8 11. Bd3 Bf8 12. Nf3 d6 13. Rhe1 Rxe1 14. Rxe1
Ne7 15. Ng5 h6 16. Nge4 Nxe4 17. Nxe4 Nf5 18. Qf3 d5 19. Nc3 c6 20. g4 Nd6 21.
f5 Bd7 22. Ne2 Qh4 23. Ng3 Re8 24. Rg1 Be7 25. Bc3 Bf6 26. Bb4 Re3 27. Qf1 Nc8
28. Nh5 Bg5 29. Kb1 Qh3 30. Qd1 Qf3 31. Qd2 d4 32. Bc5 Qd5 33. Qb4 Rxd3 34.
cxd3 Be3 35. Re1 b6 36. Bxd4 Qxd4 37. Qxd4 Bxd4 0-1

[Event "Memorial Pedro Lezcano Montalvo 2013"]
[Site "Gran Canaria ESP"]
[Date "2013.03.30"]
[Round "8.8"]
[White "Gutierrez Olivares, Daniel"]
[Black "Meneses Gonzalez, Kevin Moises"]
[Result "1-0"]
[WhiteElo "2367"]
[BlackElo "2302"]
[PlyCount "73"]
[EventDate "2013.03.25"]
[EventType "swiss"]
[EventRounds "9"]
[EventCountry "ESP"]
[Source "lmi"]
[SourceDate "2013.03.25"]

1. c4 Nf6 2. Nf3 g6 3. Nc3 Bg7 4. g3 O-O 5. Bg2 d6 6. d4 Nbd7 7. O-O e5 8. e3
Re8 9. b3 Nf8 10. Bb2 e4 11. Nd2 Bf5 12. f3 exf3 13. Qxf3 c6 14. e4 Bg4 15. Qf2
Be6 16. h3 Qa5 17. Rae1 Re7 18. Nd1 d5 19. Bc3 Qd8 20. e5 Ne8 21. Ne3 Nc7 22.
g4 Rd7 23. Nf3 c5 24. cxd5 Nxd5 25. Nxd5 Bxd5 26. dxc5 Ne6 27. Nd2 Bxg2 28.
Kxg2 Nxc5 29. Qxc5 Rc8 30. Qb4 Bf8 31. Qf4 Rxc3 32. Ne4 Rc2+ 33. Rf2 Rxf2+ 34.
Qxf2 Bg7 35. Qe3 Rd3 36. Qf2 -- 37. Kf1 1-0

[Event "Memorial Pedro Lezcano Montalvo 2013"]
[Site "Gran Canaria ESP"]
[Date "2013.03.30"]
[Round "8.9"]
[White "Strebkovs, Andrejs"]
[Black "Menvielle Laccourreye, Augusto"]
[Result "0-1"]
[WhiteElo "2331"]
[BlackElo "2150"]
[PlyCount "89"]
[EventDate "2013.03.25"]
[EventType "swiss"]
[EventRounds "9"]
[EventCountry "ESP"]
[Source "lmi"]
[SourceDate "2013.03.25"]

1. d4 d5 2. g3 g6 3. Bg2 Bg7 4. e4 Nd7 5. Nc3 Ngf6 6. Nge2 e5 7. O-O O-O 8. h3
exd4 9. Nxd4 Re8 10. Nb3 Ne5 11. f4 Nc6 12. Be3 Be6 13. Bf2 Nd7 14. Nd4 Nb6 15.
Nxe6 fxe6 16. h4 Qf6 17. Nb5 Re7 18. c3 e5 19. fxe5 Qxe5 20. Nd4 Rf8 21. Nf3
Qh5 22. Ng5 Qxd1 23. Rfxd1 Ne5 24. Nh3 Bh6 25. Bxb6 axb6 26. Rf1 Ref7 27. b3
Bd2 28. c4 Be3+ 29. Kh1 Rxf1+ 30. Rxf1 Rxf1+ 31. Bxf1 Kf7 32. Be2 Kf6 33. Kg2
c6 34. Nf4 h6 35. Bd1 Bc5 36. Bc2 g5 37. hxg5+ hxg5 38. Ne2 Ng4 39. Kf3 Ne3 40.
Bb1 Ke5 41. Nc1 Nf1 42. Kg4 Kd4 43. Ne2+ Ke3 44. Ng1 Kd2 45. Nf3+ 0-1

[Event "Memorial Pedro Lezcano Montalvo 2013"]
[Site "Gran Canaria ESP"]
[Date "2013.03.30"]
[Round "8.11"]
[White "Bressac, Stephane"]
[Black "Lorenzo Perez, Raul"]
[Result "1-0"]
[WhiteElo "2284"]
[BlackElo "1745"]
[PlyCount "63"]
[EventDate "2013.03.25"]
[EventType "swiss"]
[EventRounds "9"]
[EventCountry "ESP"]
[Source "lmi"]
[SourceDate "2013.03.25"]

1. e4 e5 2. d4 exd4 3. Qxd4 Nc6 4. Qe3 d6 5. Nc3 Nf6 6. Bd2 Be7 7. O-O-O O-O 8.
Qg3 Kh8 9. f4 a6 10. Nf3 b5 11. e5 Ne8 12. Bd3 d5 13. h4 Nb4 14. Ng5 h6 15. a3
Nxd3+ 16. Qxd3 g6 17. Nxf7+ Rxf7 18. Qxg6 Rh7 19. Be3 Ng7 20. Nxd5 Qe8 21. Nxe7
Qxe7 22. Bc5 Qe8 23. Qxe8+ Nxe8 24. Rd8 Bb7 25. Rhd1 Bxg2 26. f5 Rxd8 27. Rxd8
Bc6 28. e6 Kg7 29. Bd4+ Kf8 30. f6 h5 31. b4 Rh6 32. Bc5+ 1-0

[Event "Memorial Pedro Lezcano Montalvo 2013"]
[Site "Gran Canaria ESP"]
[Date "2013.03.30"]
[Round "8.12"]
[White "Illijin, Neboisa"]
[Black "Herrera Reyes, Jose Antonio"]
[Result "1-0"]
[WhiteElo "2167"]
[BlackElo "2252"]
[PlyCount "96"]
[EventDate "2013.03.25"]
[EventType "swiss"]
[EventRounds "9"]
[EventCountry "ESP"]
[Source "lmi"]
[SourceDate "2013.03.25"]

1. e4 c5 2. Nf3 e6 3. c3 d5 4. exd5 exd5 5. d4 Nf6 6. Bd3 c4 7. Be2 Bd6 8. b3
cxb3 9. axb3 h6 10. O-O O-O 11. Ba3 Bg4 12. h3 Bh5 13. Ne5 Bxe2 14. Qxe2 Re8
15. Bxd6 Qxd6 16. Qb5 Re7 17. Nd2 Nc6 18. Nxc6 bxc6 19. Qd3 Rae8 20. Nf3 c5 21.
Nh4 Re4 22. Nf5 Qf4 23. Ng3 R4e6 24. dxc5 h5 25. b4 h4 26. Nf5 Ne4 27. Ne3 Rg6
28. Ng4 f5 29. Qxd5+ Kh7 30. Ne3 Ng5 31. Kh1 Re5 32. Qd4 Re4 33. Qd1 Ree6 34.
Rxa7 Kh6 35. Ra8 Kh7 36. Rd8 Ref6 37. Nd5 Qc4 38. Nxf6+ Rxf6 39. Rd4 Qxc3 40.
Rxh4+ Kg8 41. Qd8+ Kf7 42. Rd1 Qe5 43. Qd5+ Qxd5 44. Rxd5 Ne4 45. Rxe4 fxe4 46.
Re5 Rxf2 47. Rxe4 Rb2 48. c6 Rc2 1-0

[Event "Memorial Pedro Lezcano Montalvo 2013"]
[Site "Gran Canaria ESP"]
[Date "2013.03.30"]
[Round "8.13"]
[White "Acosta Sosa, Juan Manuel"]
[Black "Galvan Sarmiento, Jose Luis"]
[Result "1-0"]
[WhiteElo "2150"]
[BlackElo "1928"]
[PlyCount "71"]
[EventDate "2013.03.25"]
[EventType "swiss"]
[EventRounds "9"]
[EventCountry "ESP"]
[Source "lmi"]
[SourceDate "2013.03.25"]

1. Nf3 Nf6 2. d4 d5 3. c4 e6 4. g3 c6 5. Bg2 Be7 6. O-O O-O 7. b3 Nbd7 8. Bb2
b6 9. Nbd2 Bb7 10. Re1 Rc8 11. Ne5 c5 12. e3 Ne4 13. Nxe4 dxe4 14. Qc2 f5 15.
Nxd7 Qxd7 16. Rad1 Qc7 17. Qe2 Rcd8 18. f3 exf3 19. Bxf3 Rd7 20. d5 exd5 21.
cxd5 Bf6 22. Bxf6 Rxf6 23. e4 fxe4 24. Qxe4 Qd8 25. Bg4 Rdd6 26. Qa4 Rf8 27.
Be6+ Kh8 28. Re5 g6 29. Qe4 Qf6 30. Qe3 Qf3 31. Qd2 Kg7 32. Ree1 Ba6 33. Bh3
Rfd8 34. Re7+ Kf6 35. Rde1 g5 36. Qb2+ 1-0

[Event "Memorial Pedro Lezcano Montalvo 2013"]
[Site "Gran Canaria ESP"]
[Date "2013.03.30"]
[Round "8.14"]
[White "Fernandez De La Hoz, A Carlos"]
[Black "Sarmiento Afonso, Santiago"]
[Result "0-1"]
[WhiteElo "1871"]
[BlackElo "2141"]
[PlyCount "74"]
[EventDate "2013.03.25"]
[EventType "swiss"]
[EventRounds "9"]
[EventCountry "ESP"]
[Source "lmi"]
[SourceDate "2013.03.25"]

1. e4 c5 2. Nf3 Nf6 3. Nc3 d5 4. e5 Ne4 5. Bb5+ Nc6 6. Qe2 Nxc3 7. dxc3 e6 8.
Bf4 a6 9. Bxc6+ bxc6 10. O-O Be7 11. Rfd1 a5 12. Nd2 O-O 13. Qg4 f5 14. Qg3 Bh4
15. Qh3 Bg5 16. Qe3 Bxf4 17. Qxf4 Qe7 18. h4 Ba6 19. b3 h6 20. h5 Be2 21. Nf3
Bxd1 22. Rxd1 a4 23. Nh4 Qg5 24. Qxg5 hxg5 25. Ng6 Rf7 26. f4 g4 27. b4 Rb8 28.
a3 Kh7 29. Nh4 cxb4 30. cxb4 c5 31. c3 Kh6 32. Kf2 Rc7 33. Ke3 cxb4 34. cxb4
Rc3+ 35. Rd3 Rbc8 36. g3 Rb3 37. Kd2 Kxh5 0-1

[Event "Memorial Pedro Lezcano Montalvo 2013"]
[Site "Gran Canaria ESP"]
[Date "2013.03.30"]
[Round "8.15"]
[White "Diaz Suarez, Cayetano"]
[Black "Uta, Adeline-Ramona"]
[Result "0-1"]
[WhiteElo "1848"]
[BlackElo "2053"]
[PlyCount "103"]
[EventDate "2013.03.25"]
[EventType "swiss"]
[EventRounds "9"]
[EventCountry "ESP"]
[Source "lmi"]
[SourceDate "2013.03.25"]

1. Nf3 c5 2. g3 g6 3. Bg2 Bg7 4. O-O Nf6 5. d3 O-O 6. e4 Nc6 7. c3 d6 8. Re1
Bg4 9. Nbd2 Rb8 10. h3 Bxf3 11. Nxf3 Nd7 12. Bf4 b5 13. Qd2 Re8 14. Bh6 Bh8 15.
Ng5 e6 16. h4 b4 17. h5 bxc3 18. bxc3 Nde5 19. hxg6 hxg6 20. Nh3 Qa5 21. Rec1
Qa3 22. Rc2 Rb6 23. Qe2 Reb8 24. Bf1 Nd7 25. Rac1 Rb2 26. Qd2 Qxa2 27. Be3 Na5
28. d4 c4 29. Kg2 Rxc2 30. Rxc2 Qb1 31. Rc1 Qxe4+ 32. f3 Qc6 33. Qa2 Nb3 34.
Rb1 a5 35. Nf2 e5 36. d5 Qc7 37. Qa4 Rc8 38. Ne4 Nf6 39. Nxf6+ Bxf6 40. Be2 e4
41. fxe4 Bxc3 42. Bxc4 Qxc4 43. Qxc4 Rxc4 44. Rxb3 a4 45. Ra3 Bb2 46. Ra2 Rxe4
47. Kf3 Rb4 48. Bd2 Rb3+ 49. Ke2 a3 50. Bf4 Bd4 51. Bc1 Bc5 52. g4 0-1

[Event "Memorial Pedro Lezcano Montalvo 2013"]
[Site "Gran Canaria ESP"]
[Date "2013.03.30"]
[Round "8.16"]
[White "Lopez Colon, Francisco"]
[Black "Saad Addin Quintana, Samir N"]
[Result "1-0"]
[WhiteElo "2045"]
[BlackElo "1858"]
[PlyCount "63"]
[EventDate "2013.03.25"]
[EventType "swiss"]
[EventRounds "9"]
[EventCountry "ESP"]
[Source "lmi"]
[SourceDate "2013.03.25"]

1. d4 Nf6 2. c4 c5 3. d5 e6 4. Nc3 exd5 5. cxd5 d6 6. e4 g6 7. f4 Bg7 8. Bb5+
Nfd7 9. a4 O-O 10. Nf3 a6 11. Bd3 Nf6 12. h3 Re8 13. O-O Nbd7 14. Re1 Qc7 15.
Bc4 Rb8 16. Qd3 Nb6 17. Ba2 Bd7 18. Qc2 h5 19. Bd2 Nc8 20. e5 Bf5 21. Qd1 Nd7
22. e6 Nf8 23. Ng5 fxe6 24. dxe6 c4 25. Nd5 Qc6 26. Bc3 Qc5+ 27. Kh2 Bxe6 28.
Nxe6 Rxe6 29. Qf3 b5 30. Rxe6 Nxe6 31. Re1 Ne7 32. Nxe7+ 1-0

[Event "Memorial Pedro Lezcano Montalvo 2013"]
[Site "Gran Canaria ESP"]
[Date "2013.03.30"]
[Round "8.17"]
[White "Rodriguez Manzaneda, Irene"]
[Black "Gonzalez Intelangelo, Gerardo"]
[Result "0-1"]
[WhiteElo "1720"]
[BlackElo "2022"]
[PlyCount "78"]
[EventDate "2013.03.25"]
[EventType "swiss"]
[EventRounds "9"]
[EventCountry "ESP"]
[Source "lmi"]
[SourceDate "2013.03.25"]

1. d4 Nf6 2. c4 e6 3. Nc3 d5 4. cxd5 exd5 5. Bg5 Be7 6. e3 c6 7. Bd3 Nbd7 8.
Nge2 O-O 9. O-O Ne4 10. Bxe7 Qxe7 11. Nxe4 dxe4 12. Bc2 Nb6 13. Ng3 f5 14. Rc1
Be6 15. Ne2 Kh8 16. Nf4 Bc4 17. Re1 g5 18. Ne2 Rf6 19. Nc3 g4 20. g3 Rg8 21.
Bb3 Qf7 22. Bxc4 Nxc4 23. Qc2 Qh5 24. Ne2 Rh6 25. h4 gxh3 26. Kh2 Qf3 27. Nf4
Rh4 28. Qe2 Rxf4 29. Qxf3 Rxf3 30. Rxc4 Rxf2+ 31. Kxh3 Rg6 32. g4 fxg4+ 33. Kg3
Rf3+ 34. Kg2 g3 35. Rb4 Rf2+ 36. Kg1 Rgf6 37. Rc1 g2 38. Rc3 Re2 39. Rc1 Rh6
0-1

[Event "Memorial Pedro Lezcano Montalvo 2013"]
[Site "Gran Canaria ESP"]
[Date "2013.03.30"]
[Round "8.18"]
[White "Camino Carrio, Nicanor"]
[Black "Aguilera Suarez, Antonio"]
[Result "1-0"]
[WhiteElo "2014"]
[BlackElo "1842"]
[PlyCount "26"]
[EventDate "2013.03.25"]
[EventType "swiss"]
[EventRounds "9"]
[EventCountry "ESP"]
[Source "lmi"]
[SourceDate "2013.03.25"]

1. e4 e5 2. Nf3 Nc6 3. Bb5 a6 4. Bc4 Nf6 5. d3 b5 6. Bb3 Be7 7. O-O O-O 8. Re1
d6 9. c3 Na5 10. Bc2 c5 11. Nbd2 g6 12. Nf1 Nh5 13. d4 cxd4 1-0

[Event "Memorial Pedro Lezcano Montalvo 2013"]
[Site "Gran Canaria ESP"]
[Date "2013.03.30"]
[Round "8.19"]
[White "Cruz Pino, Adrian"]
[Black "Capote Robayna, Johanna"]
[Result "0-1"]
[WhiteElo "1986"]
[BlackElo "1813"]
[PlyCount "120"]
[EventDate "2013.03.25"]
[EventType "swiss"]
[EventRounds "9"]
[EventCountry "ESP"]
[Source "lmi"]
[SourceDate "2013.03.25"]

1. Nf3 Nf6 2. b3 g6 3. Bb2 Bg7 4. e4 d6 5. Qe2 O-O 6. c4 Nbd7 7. d4 Re8 8. g3
e5 9. d5 Nc5 10. Nc3 a5 11. Bg2 Nh5 12. Nd2 f5 13. f3 Rf8 14. a3 Bh6 15. Ncb1
fxe4 16. fxe4 Qg5 17. Bf3 Bh3 18. Bc1 Rxf3 19. Qxf3 Rf8 20. Qc3 Qf6 21. Kd1 Qf2
22. Kc2 Nxe4 23. Qxa5 Bf5 24. Kb2 Qd4+ 25. Ka2 Qd3 26. a4 Qc2+ 27. Ka3 Be3 28.
Ra2 Qd3 29. Nxe4 Bxe4 30. Bxe3 Bxh1 31. Bh6 Rc8 32. Rf2 Bf3 33. Nd2 e4 34. Nxf3
exf3 35. Qe1 Ra8 36. Qe6+ Kh8 37. g4 Qd4 38. gxh5 b5 39. Qe3 Qa1+ 40. Ra2 b4+
41. Kxb4 Rb8+ 42. Ka5 Qf6 43. Rd2 c5 44. Ka6 Qf7 45. Qc3+ Kg8 46. Qg7+ Qxg7 47.
Bxg7 Kxg7 48. hxg6 hxg6 49. Rb2 Kf6 50. Ka7 Rb4 51. a5 Ke5 52. a6 Ke4 53. Ka8
Ke3 54. a7 f2 55. Rb1 Ke2 56. h4 Kf3 57. Rh1 Kg2 58. Rb1 Rb6 59. h5 gxh5 60. b4
cxb4 0-1

[Event "Memorial Pedro Lezcano Montalvo 2013"]
[Site "Gran Canaria ESP"]
[Date "2013.03.30"]
[Round "8.20"]
[White "De La Hoz Sanchez, Ruben"]
[Black "Hernandez Diaz, Heriberto"]
[Result "1-0"]
[WhiteElo "1969"]
[BlackElo "1740"]
[PlyCount "97"]
[EventDate "2013.03.25"]
[EventType "swiss"]
[EventRounds "9"]
[EventCountry "ESP"]
[Source "lmi"]
[SourceDate "2013.03.25"]

1. c4 e5 2. Nc3 Nf6 3. g3 g6 4. Bg2 Bg7 5. d3 c6 6. Nf3 d6 7. O-O Nbd7 8. Rb1
O-O 9. b4 Re8 10. Nd2 Qc7 11. Nb3 b6 12. b5 Bb7 13. bxc6 Bxc6 14. Nb5 Bxb5 15.
Bxa8 Bxc4 16. Bg2 Bd5 17. Ba3 Bxg2 18. Kxg2 Nc5 19. Qc2 h5 20. e4 Qd7 21. Qe2
Qa4 22. Bc1 Qa6 23. Nxc5 dxc5 24. h3 Rd8 25. Rd1 Nd7 26. Qc2 Nf8 27. Be3 Ne6
28. a4 Kh7 29. Ra1 Bf8 30. Qb3 Ra8 31. f4 exf4 32. gxf4 Bg7 33. Rab1 Rf8 34.
Rf1 Rd8 35. Rbd1 Qb7 36. f5 Nf8 37. Bxc5 Rd7 38. Bxf8 Bxf8 39. fxg6+ Kxg6 40.
Qb5 Rd6 41. Qf5+ Kg7 42. Rf3 Qc7 43. Rdf1 Rg6+ 44. Kh1 f6 45. e5 Be7 46. Qe6
Qd8 47. d4 f5 48. Qxf5 Qd5 49. Qf7+ 1-0

[Event "Memorial Pedro Lezcano Montalvo 2013"]
[Site "Gran Canaria ESP"]
[Date "2013.03.30"]
[Round "8.21"]
[White "Padilla Socorro, Jesus"]
[Black "Marrero Cardenes, Agustin"]
[Result "0-1"]
[WhiteElo "1753"]
[BlackElo "1959"]
[PlyCount "94"]
[EventDate "2013.03.25"]
[EventType "swiss"]
[EventRounds "9"]
[EventCountry "ESP"]
[Source "lmi"]
[SourceDate "2013.03.25"]

1. e4 c6 2. d4 d5 3. Nc3 dxe4 4. Nxe4 Nf6 5. Nxf6+ gxf6 6. Nf3 Bg4 7. Be2 e6 8.
Bf4 Qb6 9. O-O Nd7 10. a4 a5 11. c4 c5 12. d5 e5 13. Bg3 O-O-O 14. Nd2 Bxe2 15.
Qxe2 f5 16. f3 Rg8 17. Bf2 Qg6 18. Be1 Re8 19. Nb3 b6 20. Nd2 Bd6 21. Bg3 f4
22. Be1 f5 23. Nb1 e4 24. Nc3 e3 25. Nb5 Be5 26. Rc1 Rg7 27. Bc3 Reg8 28. Rc2
h5 29. Re1 h4 30. h3 Qg3 31. Kh1 Rg6 32. Na7+ Kb7 33. Nc6 Bd6 34. Qf1 Nf6 35.
Bxf6 Rxf6 36. Ree2 Rfg6 37. Qe1 Qg5 38. Qc3 Qf6 39. Qxf6 Rxf6 40. Kg1 Bc7 41.
Kh1 Rxc6 42. dxc6+ Kxc6 43. Rc3 Rd8 44. b3 Rd1+ 45. Kh2 Kd6 46. Rec2 Ke5 47.
Rc1 e2 0-1

[Event "Memorial Pedro Lezcano Montalvo 2013"]
[Site "Gran Canaria ESP"]
[Date "2013.03.30"]
[Round "8.22"]
[White "Ramirez Medina, Victor"]
[Black "Ruiz Delgado, Basilio"]
[Result "1-0"]
[WhiteElo "1930"]
[BlackElo "1715"]
[PlyCount "81"]
[EventDate "2013.03.25"]
[EventType "swiss"]
[EventRounds "9"]
[EventCountry "ESP"]
[Source "lmi"]
[SourceDate "2013.03.25"]

1. e4 c5 2. Nf3 Nc6 3. d4 cxd4 4. Nxd4 Nf6 5. Nc3 e5 6. Ndb5 d6 7. Bg5 a6 8.
Na3 b5 9. Nd5 Be7 10. Bxf6 Bxf6 11. c4 b4 12. Nc2 Rb8 13. g3 O-O 14. Bg2 Bg5
15. O-O Be6 16. Qd3 Ne7 17. Nde3 Bxe3 18. Nxe3 Qb6 19. Rad1 Rfd8 20. b3 a5 21.
Kh1 Ra8 22. f4 f6 23. Rd2 a4 24. Rfd1 axb3 25. axb3 Ra3 26. Nc2 Ra7 27. h3 Nc6
28. Ra1 Rxa1+ 29. Nxa1 Nd4 30. Nc2 Nxc2 31. Rxc2 Ra8 32. Rd2 Ra1+ 33. Rd1 Ra6
34. f5 Bf7 35. c5 dxc5 36. Qd8+ Qxd8 37. Rxd8+ Be8 38. Rxe8+ Kf7 39. Re6 Ra3
40. Bf1 Ra1 41. Kg2 1-0